[Event "Online Olym Div4 B"]
[Site "Chess.com INT"]
[Date "2021.08.20"]
[Round "3.4"]
[White "Faqeeh, Rahaf"]
[Black "Tjaronda, Nicola"]
[Result "1-0"]
[WhiteElo "1432"]
[BlackElo "1516"]
[PlyCount "35"]
[EventDate "2021.08.20"]
[EventType "team (rapid)"]
[EventRounds "11"]
[EventCountry "USA"]
[SourceTitle "CBM 203 Extra"]
[Source "ChessBase"]
[SourceDate "2021.09.30"]
[SourceVersion "1"]
[SourceVersionDate "2021.09.30"]
[SourceQuality "1"]
[WhiteTeam "Palestine"]
[BlackTeam "Namibia"]
[WhiteTeamCountry "PLE"]
[BlackTeamCountry "NAM"]

1. c4 e5 2. g3 Nf6 3. Bg2 Bc5 4. Nc3 0-0 5. Nf3 Re8 6. d3 d6 7. Rb1 Nc6 8. a3 a5 9. 0-0 Nd4 10. b4 axb4 11. axb4 Nxf3+ 12. Bxf3 Bd4 13. Na4 Qd7 14. e3 Rxa4 15. exd4 exd4 16. b5 Ra7 17. Bb2 b6 18. Bc6 1-0

[Event "Olympiad Women-42"]
[Site "Baku"]
[Date "2016.09.04"]
[Round "3.63"]
[White "Ishizuka, Mirai"]
[Black "Faqeeh, Rahaf"]
[Result "1-0"]
[WhiteElo "1778"]
[BlackElo "1450"]
[PlyCount "39"]
[EventDate "2016.09.02"]
[EventType "team-swiss"]
[EventRounds "11"]
[EventCountry "AZE"]
[SourceTitle "CBM 174 Extra"]
[Source "ChessBase"]
[SourceDate "2016.10.10"]
[SourceVersion "1"]
[SourceVersionDate "2016.10.10"]
[SourceQuality "1"]
[WhiteTeam "Japan (W)"]
[BlackTeam "Palestine (W)"]
[WhiteTeamCountry "JPN"]
[BlackTeamCountry "PLE"]

1. e4 e6 2. d4 d5 3. Nc3 Bb4 4. e5 c5 5. a3 Bxc3+ 6. bxc3 Ne7 7. Nf3 Nbc6 8. Bd3 Bd7 9. 0-0 Ng6 10. Be3 0-0 11. Qd2 Rc8 12. Rab1 Qc7 13. Ng5 f6 14. exf6 gxf6 15. Nf3 e5 16. Bxg6 hxg6 17. dxe5 Nxe5 18. Qxd5+ Rf7 19. Nxe5 fxe5 20. Rxb7 1-0

[Event "Olympiad Women-42"]
[Site "Baku"]
[Date "2016.09.03"]
[Round "2.48"]
[White "Faqeeh, Rahaf"]
[Black "Antonova, Nadezhda"]
[Result "0-1"]
[WhiteElo "1450"]
[BlackElo "2015"]
[PlyCount "58"]
[EventDate "2016.09.02"]
[EventType "team-swiss"]
[EventRounds "11"]
[EventCountry "AZE"]
[SourceTitle "CBM 174 Extra"]
[Source "ChessBase"]
[SourceDate "2016.10.10"]
[SourceVersion "1"]
[SourceVersionDate "2016.10.10"]
[SourceQuality "1"]
[WhiteTeam "Palestine (W)"]
[BlackTeam "Tajikistan (W)"]
[WhiteTeamCountry "PLE"]
[BlackTeamCountry "TJK"]

1. c4 Nf6 2. b3 e6 3. Bb2 b6 4. Nf3 Bb7 5. e3 Be7 6. Nc3 0-0 7. d4 d5 8. Bd3 Nbd7 9. 0-0 c5 10. Rc1 Rc8 11. Re1 cxd4 12. exd4 dxc4 13. bxc4 h6 14. Ne5 Nxe5 15. Rxe5 Bd6 16. Re3 Bf4 17. Rh3 Qd7 18. Rc2 Rfd8 19. Ne2 Bd6 20. Rd2 Ne4 21. Bxe4 Bxe4 22. Nc3 Bf5 23. Rxh6 gxh6 24. Qh5 Bf4 25. Rd1 Rxc4 26. g3 Bg6 27. Qf3 Bb8 28. d5 e5 29. Qf6 Qd6 0-1

[Event "Asian Clubs-ch zt (Women)"]
[Site "Amman"]
[Date "2015.01.21"]
[Round "4.3"]
[White "Yasmeen, Abu Ghania"]
[Black "Faqeeh, Rahaf"]
[Result "0-1"]
[WhiteElo "1549"]
[BlackElo "1362"]
[PlyCount "56"]
[EventDate "2015.01.19"]
[EventType "team-tourn"]
[EventRounds "7"]
[EventCountry "JOR"]
[SourceTitle "CBM 164 Extra"]
[Source "ChessBase"]
[SourceDate "2015.03.02"]
[SourceVersion "1"]
[SourceVersionDate "2015.03.02"]
[SourceQuality "1"]
[WhiteTeam "Asdeqa Areha (W)"]
[BlackTeam "Qatanna Jerusalem (W)"]
[WhiteTeamCountry "JOR"]
[BlackTeamCountry "PLE"]

1. e4 e6 2. d4 d5 3. e5 c5 4. c3 Nc6 5. Nf3 Nge7 6. Be2 Nf5 7. Be3 Qb6 8. Qd2 cxd4 9. cxd4 Nxe3 10. fxe3 Bd7 11. 0-0 Rc8 12. Ng5 f6 13. exf6 gxf6 14. Rxf6 Be7 15. Bh5+ Kd8 16. Nxe6+ Bxe6 17. Rxe6 Rf8 18. b3 Qc7 19. Nc3 Bh4 20. Bf3 Nb4 21. Rc1 Rxf3 22. gxf3 Qg7+ 23. Qg2 Bf2+ 24. Kf1 Qxg2+ 25. Kxg2 Kd7 26. Kxf2 Nd3+ 27. Kg1 Nxc1 28. Re5 Rxc3 0-1

[Event "Asian Clubs-ch zt (Women)"]
[Site "Amman"]
[Date "2015.01.19"]
[Round "1.4"]
[White "Al Maamari, Wafia Darwish"]
[Black "Faqeeh, Rahaf"]
[Result "1/2-1/2"]
[WhiteElo "1565"]
[BlackElo "1362"]
[PlyCount "63"]
[EventDate "2015.01.19"]
[EventType "team-tourn"]
[EventRounds "7"]
[EventCountry "JOR"]
[SourceTitle "CBM 164 Extra"]
[Source "ChessBase"]
[SourceDate "2015.03.02"]
[SourceVersion "1"]
[SourceVersionDate "2015.03.02"]
[SourceQuality "1"]
[WhiteTeam "Al Ain (W)"]
[BlackTeam "Qatanna Jerusalem (W)"]
[WhiteTeamCountry "UAE"]
[BlackTeamCountry "PLE"]

1. e4 e6 2. d4 d5 3. Nd2 c5 4. exd5 exd5 5. dxc5 Bxc5 6. Bb5+ Nc6 7. Qe2+ Be6 8. Ngf3 Nf6 9. 0-0 0-0 10. Nb3 Bd6 11. Bg5 a6 12. Bd3 Re8 13. Qd2 Nb4 14. Nbd4 Bg4 15. Bf5 Bxf5 16. Nxf5 Ne4 17. Bxd8 Nxd2 18. Nxd2 Raxd8 19. Nxd6 Rxd6 20. c3 Nc6 21. Nf3 Ne5 22. Nxe5 Rxe5 23. h3 Re2 24. Rfe1 Rde6 25. Kf1 Rxb2 26. Rxe6 fxe6 27. a4 Kf7 28. a5 Kf6 29. g4 e5 30. Kg2 Rb3 31. h4 Rxc3 32. Rb1 1/2-1/2